000 00641nam a22001937a 4500
005 20130614162409.0
010 _aB-505288-299
020 _a9789381617199
_c695.00
035 _aB-505288-299
037 _bRBC/Ven
082 _a646.12
245 _aSkin & Hair care /
_cedited by Girish Sharma
260 _aNew Delhi
_bBio-Green Books
_cc2012
270 _a4760-61/23, Ansari Road, Darya Ganj,
_bNew Delhi
_e110002
300 _aviii,176p.
_c22cm(Hb)
500 _aIt include index
942 _2ddc
_cEN
_mSHA
_h646.72
999 _c74233
_d74233